Irrigation engineering and hydraulic structures (Record no. 7703)
[ view plain ]
| 000 -LEADER | |
|---|---|
| fixed length control field | 00325nam a2200121Ia 4500 |
| 008 - FIXED-LENGTH DATA ELEMENTS--GENERAL INFORMATION | |
| fixed length control field | 191201s2016 xx 000 0 und d |
| 100 ## - MAIN ENTRY--PERSONAL NAME | |
| Personal name | GARG, Santosh Kumar |
| 245 #0 - TITLE STATEMENT | |
| Title | Irrigation engineering and hydraulic structures |
| 260 ## - PUBLICATION, DISTRIBUTION, ETC. (IMPRINT) | |
| Date of publication, distribution, etc | 2016 |
| Name of publisher, distributor, etc | Khanna Publisher |
| Place of publication, distribution, etc | N. delhi |
| 300 ## - PHYSICAL DESCRIPTION | |
| Extent | 1287 |
| 650 ## - SUBJECT ADDED ENTRY--TOPICAL TERM | |
| Topical term or geographic name as entry element | CIVIL |
| 942 ## - ADDED ENTRY ELEMENTS (KOHA) | |
| Source of classification or shelving scheme | Dewey Decimal Classification |
| Koha item type | Book Bank |
| 942 ## - ADDED ENTRY ELEMENTS (KOHA) | |
| -- | 2 |
| Withdrawn status | Lost status | Source of classification or shelving scheme | Damaged status | Not for loan | Collection code | Home library | Current library | Date acquired | Source of acquisition | Cost, normal purchase price | Bill Number | Total Checkouts | Acc. no. / Barcode | Date last seen | Date last borrowed | Actual Cost, discounted price | Bill Date | Koha item type |
|---|---|---|---|---|---|---|---|---|---|---|---|---|---|---|---|---|---|---|
| Dewey Decimal Classification | B.Tech(CE) | PIET C-LIBRARY | PIET C-LIBRARY | 06/02/2016 | KIRTI PRAKASHAN, NEW DELHI | 495.00 | IN3608 | 1 | BB12215 | 28/11/2020 | 24/02/2020 | 366.30 | 04/02/2016 | Book Bank | ||||
| Dewey Decimal Classification | B.Tech(CE) | PIET C-LIBRARY | PIET C-LIBRARY | 06/02/2016 | KIRTI PRAKASHAN, NEW DELHI | 495.00 | IN3608 | BB12216 | 04/12/2019 | 366.30 | 04/02/2016 | Book Bank | ||||||
| Dewey Decimal Classification | B.Tech(CE) | PIET C-LIBRARY | PIET C-LIBRARY | 06/02/2016 | KIRTI PRAKASHAN, NEW DELHI | 495.00 | IN3608 | 1 | BB12217 | 29/11/2021 | 05/04/2021 | 366.30 | 04/02/2016 | Book Bank |